000 00644nam a2200205Ia 4500
005 20250508153500.0
008 008 250505s9999 xx 000 0 eng d
037 _aBooks to be hide in OPAC
040 _aFEDL
_beng
_cFEDL
041 _aeng
_2eng
084 _a016.0014, UNI
_qFEDL
100 _aCarter Richard F
_9764117
245 0 _aInfluence of voter turnout on school bond and tax elections
260 _aWashington, USA
_bU.S. Government Printing Office
_c1961
300 _avi,31p.
650 _aBibliographies
700 _a Savard William G
_9764118
942 _cHB
_h016.0014, UNI
999 _c1343170
_d1343170